000 00519nam a2200193Ia 4500
008 230125s9999 xx 000 0 und d
020 _a978-81-8484-025-4
041 _aeng
082 _a658.15
_bRAJ
100 _aRajendran G
_9109601
245 _aFinancial Management
_bA Professional Approach (Text and Case Study)
260 _c2009
_bRegal Pub
_aNew Delhi
300 _a210p
500 _aFM
650 _aFinancial Management
700 _aRajendran G
_9109601
906 _b150
999 _c86294
_d86294